000 00449nam a22001817a 4500
003 MPLRDC
005 20220104144354.0
008 210129b ||||| |||| 00| 0 eng d
082 _a528.972 MBC
100 _a麦宝婵编
245 _a综合太极拳
_c
250 _a一版一刷
260 _a
_b中国武术研究所
_c1975
300 _b
490 _a中国武术研究所丛书. 1
650 _a太极拳
942 _cBK
_o528.972 MBC
999 _c48970
_d48960